| Tag |
First Indicator |
Second Indicator |
Subfields |
| LEADER |
00000cam a2200000ui 4500 |
| 001 |
in00002503515 |
| 005 |
20190327173445.0 |
| 006 |
m||||||||d|||||||| |
| 007 |
cr |n ---||a|a |
| 008 |
830210s1912 nyucf s 000|0 eng d |
| 010 |
|
|
|a 12004225
|
| 035 |
|
|
|9 (DLC) 12004225
|
| 035 |
|
|
|a (VaAlASP)ASPS00014965/bltc
|
| 040 |
|
|
|a DLC
|c CarP
|d DLC
|d VaAlASP
|d UtOrBLW
|
| 043 |
|
|
|a r------
|
| 050 |
0 |
0 |
|a G670.1909
|b .H5
|
| 100 |
1 |
|
|a Henson, Matthew Alexander,
|d 1866-1955.
|
| 245 |
1 |
2 |
|a A negro explorer at the North pole.
|
| 264 |
|
1 |
|a New York :
|b Frederick A. Stokes company,
|c [1912]
|
| 300 |
|
|
|a xx pages, 1 leaf :
|b 200 pages frontispiece, plates, portraits ;
|c 20 cm.
|
| 336 |
|
|
|a text
|b txt
|2 rdacontent
|
| 337 |
|
|
|a computer
|b c
|2 rdamedia
|
| 338 |
|
|
|a online resource
|b cr
|2 rdacarrier
|
| 533 |
|
|
|a Electronic reproduction.
|b Alexandria, VA :
|c Alexander Street Press,
|d 2005.
|f (Black thought and culture).
|n Available via World Wide Web.
|
| 500 |
|
|
|a Electronic resource.
|
| 600 |
1 |
0 |
|a Henson, Matthew Alexander,
|d 1866-1955.
|
| 600 |
1 |
0 |
|a Peary, Robert E.
|q (Robert Edwin),
|d 1856-1920
|x Friends and associates.
|
| 651 |
|
0 |
|a North Pole.
|
| 651 |
|
0 |
|a Arctic regions.
|
| 655 |
|
0 |
|a Electronic books.
|
| 776 |
1 |
|
|c Original
|w (DLC) 12004225
|
| 830 |
|
0 |
|a Black thought and culture.
|
| 856 |
4 |
0 |
|z Connect to the full text of this electronic book
|u http://proxy.library.tamu.edu/login?url=http://www.aspresolver.com/aspresolver.asp?BLTC;S14965
|t 0
|
| 999 |
|
|
|a MARS
|
| 999 |
f |
f |
|s e0c67409-8ddd-313d-90a9-0c75afc5015a
|i 300f0d92-bd77-3cba-888d-badf6aa2ab28
|t 0
|
| 952 |
f |
f |
|a Texas A&M University
|b College Station
|c Electronic Resources
|d Available Online
|t 0
|e G670.1909 .H5
|h Library of Congress classification
|
| 998 |
f |
f |
|a G670.1909 .H5
|t 0
|l Available Online
|